[Event "IECG CN.2001.0.00270"]
[Site "IECG email"]
[Date "2001.11.22"]
[Round "?"]
[White "Bengtsson, Anders"]
[Black "Burg, Danita"]
[Result "1-0"]
[WhiteElo "800"]
[BlackElo "800"]
[PlyCount "47"]
[EventDate "2001.11.22"]
[EventType "tourn (corr)"]
[EventRounds "6"]
[SourceTitle "Corr 2008"]
[Source "ChessBase"]
[SourceDate "2008.06.24"]
[SourceVersion "1"]
[SourceVersionDate "2008.06.24"]
[SourceQuality "1"]

1. e4 d5 2. exd5 Nf6 3. d4 Bg4 4. f3 Bf5 5. Nc3 g5 6. Bxg5 h6 7. Bxf6 exf6 8. Bb5+ c6 9. dxc6 bxc6 10. Ba4 h5 11. d5 Rg8 12. dxc6 Bc5 13. c7+ Nd7 14. cxd8Q+ Rxd8 15. Qd5 Be6 16. Qxc5 Rg5 17. Qxa7 Re5+ 18. Nge2 Rc8 19. 0-0-0 Rd5 20. Rxd5 Rd8 21. Rhd1 Kf8 22. Rxh5 Ke7 23. Nd5+ Ke8 24. Rh8# 1-0

[Event "IECG CN.2001.0.00270"]
[Site "IECG email"]
[Date "2001.11.22"]
[Round "?"]
[White "Burg, Danita"]
[Black "Rosenberger, Jerome"]
[Result "0-1"]
[WhiteElo "800"]
[BlackElo "724"]
[PlyCount "54"]
[EventDate "2001.11.22"]
[EventType "tourn (corr)"]
[EventRounds "6"]
[SourceTitle "Corr 2008"]
[Source "ChessBase"]
[SourceDate "2008.06.24"]
[SourceVersion "1"]
[SourceVersionDate "2008.06.24"]
[SourceQuality "1"]

1. e3 e5 2. d4 Nc6 3. Nf3 e4 4. Ng5 Qxg5 5. Nd2 d5 6. f4 Qe7 7. h4 h5 8. c4 dxc4 9. Bxc4 Nxd4 10. exd4 e3 11. Nf3 Qb4+ 12. Bd2 exd2+ 13. Nxd2 Qxb2 14. 0-0 Qxd4+ 15. Kh1 Qf6 16. Re1+ Be7 17. Ne4 Qxh4+ 18. Kg1 Qxf4 19. Qf3 Qxf3 20. gxf3 Be6 21. Bd3 0-0-0 22. Rab1 Rxd3 23. Rf1 f5 24. Ng3 Bc5+ 25. Kg2 Rd2+ 26. Kh3 f4+ 27. Kh4 Be7# 0-1